000 00467nam a2200181Ia 4500
001 24462
005 20260414151045.0
008 260414t2007||||xx |||||||||||||| ||spa||
041 _aESP
082 _a345.7
_bR84
100 _aRosenberg, Leo
_eAUT
245 0 _aTratado de derecho procesal civil :
_bel procedimiento de sentencia. La ejecución forzosa
260 _c2007
300 _a
_c24 cm.
650 _aDER
654 _aCDE
942 _cLIB
_dJUS
_fJUS
_2ddc
_n
999 _c24462
_d24462